000
00286nam a2200121Ia 4500
008
151213s9999 xx 000 0 und d
245
_a
Quaid - I - Azam Mohammad Ali Jinnah Speches
260
_a
Karachi
300
_a
4488 p.
650
_a
History
650
_a
Reference
999
_c
2863
_d
2863